[Event "BL9596 (Women)"]
[Site "Germany"]
[Date "1996.??.??"]
[Round "?"]
[White "Schaefer, Anke"]
[Black "Bojkovic, Natasa"]
[Result "1/2-1/2"]
[WhiteElo "2155"]
[BlackElo "2425"]

1.e4 c5 2.Nf3 e6 3.d4 cxd4 4.Nxd4 Nc6 5.Nc3 Qc7 6.g3 a6 7.Bg2 Nf6 8.O-O Bc5
9.Nxc6 dxc6 10.Na4 Ba7 11.c4 Nd7 12.b4 b5 13.Nb2 a5 14.cxb5 cxb5 15.bxa5 O-O
16.Bd2 Bd4 17.Rc1 Qa7 18.Nd3 Ba6 19.Bb4 Rfc8 20.Qd2 Rc4 21.Nb2 Rcc8 22.Nd3 e5
23.Bh3 Rxc1 24.Rxc1 Nf6 25.Bf5 g6 26.Qh6 Qb7 27.Qh4 Kg7 28.Bd2 h5 29.Nb4 Ng8
30.Bh3 Nf6 31.Nc6 Re8 32.Bb4 Qa8 33.Be7 Ng8 34.Bd6 Bb7 35.Bd7 Bxc6 36.Bxc6 Qc8
37.Ba3 Rd8 38.Bxb5 Qb8 39.Bc4 Rc8 40.Qg5 Nf6 41.Bd5 Rxc1+ 42.Bxc1 Nxd5 43.exd5 Qd6
44.Be3 Qxd5 45.Bxd4 Qxd4 46.a6 Qd1+ 47.Kg2 Qd5+ 48.Kg1 Qd1+ 49.Kg2 Qd5+ 50.Kg1  1/2-1/2

[Event "Bundesliga 9596"]
[Site "Germany"]
[Date "1996.??.??"]
[Round "?"]
[White "Ankerst, Mihael"]
[Black "Lau, Ralf"]
[Result "1/2-1/2"]
[WhiteElo "2295"]
[BlackElo "2495"]

1.e4 c5 2.Nf3 e6 3.d4 cxd4 4.Nxd4 Nc6 5.Nc3 Qc7 6.g3 a6 7.Bg2 Nf6 8.O-O h6
9.Re1 Nxd4 10.Qxd4 Bc5 11.Qd1 d6 12.Be3 Bd7 13.Qd2 Ke7 14.Rad1 Rhd8 15.Bd4 e5
16.Bxc5 Qxc5 17.Nd5+ Nxd5 18.Qxd5 Qxd5 19.Rxd5 Rac8 20.Rd2 Rc6 21.c3 Be6
22.a3 Rdc8 23.Bf1 b5 24.Bd3 Rb6 25.Kg2 a5 26.Kf3 Rc5 27.Ke3 b4 28.cxb4 axb4
29.a4 Ra5 30.Bb5 Bb3 31.Rc1 Ra7 32.Rc6 Rxc6 33.Bxc6 Bxa4 34.Bxa4 Rxa4 35.Rc2 Ra7
36.Kd3 Rb7 37.Kc4 Ke6 38.Kb3 f5 39.f3 fxe4 40.fxe4 Rb6 41.Rc8 Rb7 42.h4 h5
43.Rc4 Rf7 44.Kxb4 Rf3 45.Ka4 Rxg3 46.b4 g5 47.b5 gxh4 48.b6 Rg7 49.Kb5 h3
50.Rc3 h2 51.Rh3 d5 52.exd5+  1/2-1/2

[Event "BL2-N9697"]
[Site "Germany"]
[Date "1996.??.??"]
[Round "?.6"]
[White "Rudolf, Henrik"]
[Black "Gustafsson, Jan"]
[Result "0-1"]
[WhiteElo "2245"]
[BlackElo "2340"]

1.e4 c5 2.Nf3 Nc6 3.d4 cxd4 4.Nxd4 e6 5.Nc3 Qc7 6.Be2 a6 7.O-O Nf6 8.Be3 Be7
9.f4 d6 10.Bf3 O-O 11.Kh1 Nxd4 12.Qxd4 e5 13.Qd2 b5 14.Rfe1 Bb7 15.a3 Rfe8
16.Rad1 Rac8 17.Qf2 Bc6 18.Qg3 Kh8 19.fxe5 dxe5 20.Bg5 Ng8 21.Bxe7 Qxe7 22.Nd5 Bxd5
23.exd5 Rcd8 24.b3 f5 25.c4 bxc4 26.bxc4 Nf6 27.Qg5 g6 28.c5 e4 29.d6 Qe5
30.Qc1 f4 31.d7 Re6 32.c6 Qc7 33.Bxe4 Rxe4 34.Rxe4 Nxe4 35.Qb2+ Kg8 36.Qb3+ Kg7
37.Qb2+ Nf6 38.Rc1 g5 39.Qe2 Rxd7 40.Qxa6 Re7 41.Qb5 h6 42.a4 Qd6 43.a5 Qd2
44.Rf1 Re1 45.h3 Rxf1+ 46.Qxf1 Qxa5 47.h4 Qc3 48.hxg5 hxg5  0-1

[Event "BL2-N9697"]
[Site "Germany"]
[Date "1996.??.??"]
[Round "?.7"]
[White "Virnik, Elena"]
[Black "Bunzmann, Dimitrij"]
[Result "1-0"]
[WhiteElo "2205"]
[BlackElo "2275"]

1.e4 c5 2.Nf3 Nc6 3.Nc3 e6 4.d4 cxd4 5.Nxd4 Nf6 6.Ndb5 d6 7.Bf4 e5 8.Bg5 a6
9.Na3 b5 10.Bxf6 gxf6 11.Nd5 Bg7 12.c3 Ne7 13.Nxe7 Qxe7 14.Nc2 f5 15.a4 fxe4
16.axb5 a5 17.Ne3 Be6 18.Bc4 O-O 19.Bd5 f5 20.Bxa8 Rxa8 21.Nxf5 Qg5 22.Nxg7 Bc4
23.Qd2 Qxg7 24.Qxd6 Qg4 25.Qd2 Kf7 26.h3 Qe6 27.Rd1 Bd3 28.f3 Qg6 29.Qf2 Rf8
30.fxe4+ Ke8 31.Qe3 Bxb5 32.Rd5 Bc6 33.Rxe5+ Kd7 34.Qd4+ Kc8 35.g4 Qf6 36.Rf5 Qh4+
37.Ke2 Rd8 38.Qc5 Qh6 39.Rd1 Re8 40.e5 Kb7 41.Rd6  1-0

[Event "Bundesliga 9596"]
[Site "Germany"]
[Date "1996.??.??"]
[Round "?"]
[White "Brendel, Oliver"]
[Black "Schaefer, Markus"]
[Result "0-1"]
[WhiteElo "2385"]
[BlackElo "2455"]

1.e4 c5 2.Nf3 e6 3.d4 cxd4 4.Nxd4 Nc6 5.Nc3 a6 6.Nxc6 bxc6 7.Bd3 d5 8.O-O Nf6
9.Re1 Bb7 10.e5 Nd7 11.Na4 Qc7 12.Bf4 Be7 13.c4 dxc4 14.Bxc4 c5 15.Qb3 Rb8
16.Qg3 g5 17.Bd2 h5 18.h4 g4 19.Bg5 Bxg5 20.hxg5 h4 21.Qxg4 Nxe5 22.Qe2 h3
23.Qxe5 h2+ 24.Kh1 Bxg2+ 25.Kxg2 h1=Q+ 26.Rxh1 Qxe5 27.Rxh8+ Qxh8 28.Nc3 Qh4
29.b3 Ke7 30.Re1 Rh8 31.Kf1 Qg4  0-1

[Event "Oberliga Ost C9596"]
[Site "Germany"]
[Date "1996.??.??"]
[Round "?"]
[White "Gebhardt, Ulrich"]
[Black "Bandza, Algirdas"]
[Result "0-1"]
[WhiteElo "2235"]
[BlackElo "2380"]

1.e4 c5 2.Nf3 e6 3.d4 cxd4 4.Nxd4 Nc6 5.Nc3 a6 6.g3 Qc7 7.Bg2 Nf6 8.O-O Nxd4
9.Qxd4 Bc5 10.Qd3 d6 11.Bf4 Nd7 12.Na4 e5 13.Bd2 Bd4 14.Nc3 Nf6 15.Rad1 Bg4
16.Bf3 Be6 17.b3 Bh3 18.Rfe1 Qc5 19.Na4 Bxf2+ 20.Kh1 Qc6 21.Re2 Bd4 22.Bb4 b5
23.c3 Ba7 24.Nb2 Bc5 25.Bxc5 dxc5 26.Qd6 Qxd6 27.Rxd6 Ke7 28.Red2 Be6 29.Rc6 Rhc8
30.Rdd6 Rxc6 31.Rxc6 Kd7 32.Rxc5 Kd6 33.Rxe5 Bg4 34.Rf5 Bxf5 35.e5+ Kxe5
36.Bxa8 Be4+ 37.Bxe4 Nxe4 38.Nd1 Nd2 39.Kg2 Ke4 40.Nb2 Nb1 41.c4 b4 42.Na4 Kd4
43.Kf3 f5 44.h4 g6 45.Kf4 Nc3 46.Kg5 Nxa4 47.bxa4 Kxc4 48.Kh6 Kc3 49.Kxh7 Kb2
50.Kxg6 Kxa2 51.h5 f4 52.gxf4 b3 53.h6 b2 54.h7 b1=Q+ 55.f5 Qb8 56.Kg7 Qc7+
57.Kg8 Qd8+ 58.Kg7 Qg5+ 59.Kh8 Qxf5  0-1

[Event "Bundesliga 9596"]
[Site "Germany"]
[Date "1996.??.??"]
[Round "?"]
[White "Florath, Patrick"]
[Black "Loeffler, Stefan"]
[Result "0-1"]
[WhiteElo "2275"]
[BlackElo "2415"]

1.e4 c5 2.Nf3 e6 3.d4 cxd4 4.Nxd4 Nc6 5.Nc3 Qc7 6.Be3 Nf6 7.Be2 a6 8.a3 Be7
9.O-O d6 10.f4 O-O 11.Kh1 Rd8 12.Qe1 Nxd4 13.Bxd4 e5 14.Be3 exf4 15.Rxf4 Be6
16.Qf2 Nd7 17.Nd5 Bxd5 18.exd5 Qxc2 19.Bh5 Rac8 20.Bxf7+ Kh8 21.Be6 Bf6 22.Rf1 Qxf2
23.R4xf2 Rc4 24.Rc1 Rxc1+ 25.Bxc1 Nc5 26.Re2 Be5 27.Bg5 Rf8 28.g3 h6 29.Bf4 Bxf4
30.gxf4 Rxf4 31.b4 Nd3 32.Bc8 Rf1+ 33.Kg2 Rf8 34.Rc2  0-1

[Event "Bundesliga 9596"]
[Site "Germany"]
[Date "1996.??.??"]
[Round "?"]
[White "Geisler, Fabian"]
[Black "Heissler, Jakob"]
[Result "1/2-1/2"]
[WhiteElo "2330"]
[BlackElo "2445"]

1.e4 c5 2.Nf3 e6 3.d4 cxd4 4.Nxd4 Nc6 5.Nc3 Qc7 6.Be2 a6 7.O-O Nf6 8.Kh1 Be7
9.f4 d6 10.Be3 O-O 11.a4 Rd8 12.Bd3 Nxd4 13.Bxd4 e5 14.Be3 exf4 15.Rxf4 Be6
16.Bd4 Nd7 17.Nd5 Bxd5 18.exd5 g6 19.Qf3 Rf8 20.Rf1 Ne5 21.Bxe5 dxe5 22.Rxf7 Qd6
23.Be4 a5 24.Qf2 b6 25.Rf3 Rxf3 26.Bxf3 Rf8 27.Qe3 Qc7 28.c3 Bc5 29.Qe2 Qe7
30.Re1 Bd6 31.Qd3 Qh4 32.Re4 Qf2 33.Qe2 Qxe2 34.Rxe2 Rf4 35.Re4 Rxe4 36.Bxe4 Bc5
37.g3 Kf7 38.Kg2 Be3 39.b4 Bd2 40.bxa5 bxa5 41.c4 Bb4 42.Kf3 Kf6 43.Bd3 Bd6
44.h4 h6 45.Ke4 Ke7 46.g4 Kf6 47.g5+ hxg5 48.hxg5+ Kxg5 49.c5 Bxc5 50.Kxe5 Kh6
51.Ke6 Kg7 52.d6 Kf8 53.Bxg6 Bf2 54.Kd7 Bg3 55.Kc6 Bf4 56.Kc7 Bg3 57.Bd3 Bf4
58.Bb5 Bg3 59.Bd7 Bf4 60.Bb5 Bg3 61.Kc6 Ke8 62.Kc7+  1/2-1/2

[Event "Bundesliga 9596"]
[Site "Germany"]
[Date "1996.??.??"]
[Round "?"]
[White "Luther, Thomas"]
[Black "Teske, Henrik"]
[Result "1/2-1/2"]
[WhiteElo "2535"]
[BlackElo "2510"]

1.e4 c5 2.Nf3 e6 3.d4 cxd4 4.Nxd4 Nc6 5.Nc3 Qc7 6.g3 Nf6 7.Bg2 d6 8.O-O Bd7
9.Re1 Be7 10.Ncb5 Qb8 11.c4 O-O 12.b3 Rd8 13.Bb2 a6 14.Nxc6 bxc6 15.Nc3 e5
16.Qc2 Qa7 17.Na4 c5 18.Nc3 Bc6 19.Rad1 Nd7 20.Nd5  1/2-1/2

[Event "Bundesliga 9596"]
[Site "Germany"]
[Date "1996.??.??"]
[Round "?"]
[White "Lutz, Christopher"]
[Black "Ribli, Zoltan"]
[Result "1/2-1/2"]
[WhiteElo "2555"]
[BlackElo "2590"]

1.e4 c5 2.Nf3 e6 3.d4 cxd4 4.Nxd4 Nc6 5.Nc3 Qc7 6.Be3 a6 7.Bd3 b5 8.Nxc6 Qxc6
9.O-O Bb7 10.Kh1 Nf6 11.f3 Bc5 12.Qe1 Bxe3 13.Qxe3 Qc7 14.a4 b4 15.Na2 a5
16.c3 bxc3 17.Nxc3 O-O 18.Nb5 Qb8 19.Rfe1 Rc8 20.Qd2 Rc5 21.Bf1 Bc6 22.Nd4  1/2-1/2

[Event "Bundesliga 9596"]
[Site "Germany"]
[Date "1996.??.??"]
[Round "?"]
[White "Maier, Christian"]
[Black "Vogt, Lothar"]
[Result "0-1"]
[WhiteElo "2350"]
[BlackElo "2475"]

1.e4 c5 2.Nf3 e6 3.d4 cxd4 4.Nxd4 Nc6 5.Nc3 d6 6.g4 a6 7.Be3 Nge7 8.Nb3 b5
9.Bg2 Bb7 10.Qe2 Qc7 11.O-O-O Ne5 12.f4 Nc4 13.Rhe1 Rc8 14.e5 dxe5 15.Bxb7 Qxb7
16.fxe5 Ng6 17.Bd4 Bb4 18.h4 Nxh4 19.Rh1 Bxc3 20.Bxc3 Qf3 21.Qh2 Ng6 22.Kb1 Na3+
23.Ka1 b4 24.Nd4 Qb7 25.Be1 Nc4 26.c3 Ne3 27.Rb1 Nxg4 28.Qh5 Qd5 29.Bg3 Ne3
30.Rbe1 bxc3  0-1

[Event "BL2-O9697"]
[Site "Germany"]
[Date "1996.??.??"]
[Round "?.8"]
[White "Loew, Gerald"]
[Black "Lang, Stefan"]
[Result "1-0"]
[WhiteElo "2275"]
[BlackElo "2270"]

1.e4 c5 2.Nf3 e6 3.d4 cxd4 4.Nxd4 Nc6 5.Nc3 Qc7 6.f4 a6 7.Be3 b5 8.Be2 Bb7
9.Bf3 Rc8 10.Nb3 Na5 11.Nxa5 Qxa5 12.O-O b4 13.Ne2 Nf6 14.Qd3 d5 15.e5 Nd7
16.Nd4 Be7 17.Bg4 g6 18.Kh1 Nc5 19.Qe2 Qc7 20.Rac1 a5 21.Qf3 O-O 22.Qh3 Rce8
23.Rf3 Bc8 24.Nb5 Qb8 25.Qh6 f5 26.Rh3 Rf7 27.Be2 Ba6 28.Nd6 Bxd6 29.exd6 Bxe2
30.Bxc5 Qb5 31.Bd4 e5 32.Bxe5 Rxe5 33.fxe5  1-0

[Event "BL2-W9697"]
[Site "Germany"]
[Date "1996.??.??"]
[Round "?.4"]
[White "Thiel, Thomas"]
[Black "Wilde, Pierre"]
[Result "1-0"]
[WhiteElo "2310"]
[BlackElo "2290"]

1.e4 c5 2.Nf3 e6 3.Nc3 Nc6 4.d4 cxd4 5.Nxd4 Qc7 6.g3 a6 7.Bg2 Nf6 8.O-O d6
9.Re1 Be7 10.Nxc6 bxc6 11.e5 dxe5 12.Rxe5 O-O 13.Bf4 Qb7 14.Rb1 Rd8 15.Qf3 Bd7
16.Ree1 Rac8 17.Be5 Qb6 18.Ne4 Nxe4 19.Qxe4 f6 20.Bd4 c5 21.Bc3 e5 22.Qb7 Qxb7
23.Bxb7 Rb8 24.Bxa6 Bf5 25.Rbc1 Bf8 26.Bc4+ Kh8 27.a4 Rd6 28.a5 Be6 29.Bxe6 Rxe6
30.Red1 Kg8 31.Rd7 Ra6 32.Rcd1 c4 33.Rc7 Bb4 34.Bxb4  1-0

[Event "BL2-N9596"]
[Site "Germany"]
[Date "1996.??.??"]
[Round "?"]
[White "Movsesian, Sergei"]
[Black "Chekhov, Valery A"]
[Result "1/2-1/2"]
[WhiteElo "2580"]
[BlackElo "2505"]

1.e4 c5 2.Nf3 e6 3.Nc3 Nc6 4.d4 cxd4 5.Nxd4 Nf6 6.g3 d5 7.exd5 Nxd5 8.Bg2 Nxc3
9.bxc3 Nxd4 10.Qxd4 Be7 11.Qxd8+ Bxd8 12.O-O f6 13.c4 Rb8 14.c5 Be7 15.Be3 Kd8
16.Rfe1 Bd7 17.Rab1 Kc8 18.f4 Kc7 19.Bf2 Rhe8 20.a4 Bf8 21.c6 bxc6 22.Bxa7 Rb7
23.Rxb7+ Kxb7 24.Bf2 Ra8 25.Ra1 Ra5 26.Be1 Bc5+ 27.Kh1 Ra8 28.Bc3 Kc7 29.Be4 h6
30.Bd3 Bc8 31.Bc4 Rb8 32.Re1 Bb4 33.Bxb4 Rxb4 34.Bxe6 Bxe6 35.Rxe6 Kd7  1/2-1/2

[Event "Bundesliga 9596"]
[Site "Germany"]
[Date "1996.??.??"]
[Round "?"]
[White "Sandor, Christian"]
[Black "Hoffmann, Michael"]
[Result "1-0"]
[WhiteElo "2380"]
[BlackElo "2460"]

1.e4 c5 2.Nf3 e6 3.d4 cxd4 4.Nxd4 Nc6 5.Nc3 Qc7 6.f4 a6 7.Nxc6 Qxc6 8.Bd3 b5
9.Qe2 Bb7 10.Bd2 Bc5 11.O-O-O Ne7 12.Qh5 g6 13.Qh4 O-O-O 14.Qf6 Rhf8 15.Rhe1 Qc7
16.Be3 d5 17.Bxc5 Qxc5 18.e5 Kb8 19.g4 Qc7 20.Qh4 f5 21.Ne2 fxg4 22.Nd4 Qd7
23.Qxg4 Nc6 24.Nxe6 Nd4 25.f5 Nxe6 26.fxe6 Qe7 27.Bf1 Bc8 28.a4 bxa4 29.Qxa4 Qxe6
30.Rd3 Rf7 31.Qa5 Qe8 32.e6 Rb7 33.Rxd5 Rxd5 34.Qxd5 Qa4 35.Kb1 Qb4 36.Qe5+ Ka7
37.e7 Bd7 38.Bg2  1-0

[Event "Bundesliga 9596"]
[Site "Germany"]
[Date "1996.??.??"]
[Round "?"]
[White "Schlemmermeyer, Wilhelm"]
[Black "Sukharisingh, Ralf"]
[Result "0-1"]
[WhiteElo "2345"]
[BlackElo "2305"]

1.e4 c5 2.Nf3 e6 3.Nc3 Nc6 4.d4 cxd4 5.Nxd4 d6 6.Be3 Nf6 7.Be2 Be7 8.O-O a6
9.f4 Qc7 10.Kh1 O-O 11.Qe1 Nxd4 12.Bxd4 b5 13.e5 dxe5 14.fxe5 Nd7 15.Qg3 Bb7
16.Bd3 Nc5 17.Bxc5 Bxc5 18.Rae1 Rad8 19.Ne4 Bxe4 20.Rxe4 Rd7 21.Rf3 g6 22.Qf4 Rfd8
23.Rh3 Bf8 24.Qh4 h6 25.Re1 Rd4 26.Qf2 R8d5 27.Rhe3 Rg4 28.Be4 Rxe5 29.Bxg6 Rxe3  0-1

[Event "Bundesliga 9596"]
[Site "Germany"]
[Date "1996.??.??"]
[Round "?"]
[White "Schmaltz, Roland"]
[Black "Lobron, Eric"]
[Result "0-1"]
[WhiteElo "2450"]
[BlackElo "2595"]

1.e4 c5 2.Nf3 e6 3.d4 cxd4 4.Nxd4 Nc6 5.Nc3 Qc7 6.Nb3 a6 7.Bd3 Nf6 8.O-O b5
9.f4 d6 10.Qf3 Bb7 11.Bd2 Be7 12.Rae1 O-O 13.Qh3 Rad8 14.a3 Rfe8 15.Kh1 Qb8
16.Nd1 Bf8 17.Bc3 Nd7 18.e5 h6 19.exd6 Qxd6 20.Ne3 b4 21.Nc4 Qc7 22.Bd2 Nf6
23.a4 Nd4 24.Nxd4 Rxd4 25.b3 Red8 26.Bc1 Be4 27.Bxe4 Rxe4 28.f5 Ng4 29.Be3 exf5
30.Bg1 Rxe1 31.Rxe1 Bc5 32.Qh4 Bxg1 33.Kxg1 g5 34.Qg3 Qc5+ 35.Kh1 h5 36.Re5 Qd4
37.Rxf5 Qa1+  0-1

[Event "Bundesliga 9596"]
[Site "Germany"]
[Date "1996.??.??"]
[Round "?"]
[White "Wegener, Dirk"]
[Black "Vogt, Lothar"]
[Result "1/2-1/2"]
[WhiteElo "2320"]
[BlackElo "2490"]

1.e4 c5 2.Nf3 e6 3.d4 cxd4 4.Nxd4 Nc6 5.Nc3 d6 6.Be3 Nf6 7.Be2 Be7 8.f4 O-O
9.g4 Nxd4 10.Qxd4 e5 11.fxe5 dxe5 12.Qxd8 Rxd8 13.g5 Ng4 14.Bxg4 Bxg4 15.Nd5 Bf8
16.O-O Rac8 17.Bxa7 Be2 18.Rf2 Rxc2 19.Re1 Ra8 20.Rfxe2 Rxe2 21.Rxe2 Rxa7
22.Rc2 Rxa2 23.Rc8 g6 24.Nf6+ Kg7 25.Ne8+ Kg8 26.Nf6+ Kg7 27.Ne8+ Kg8 28.Nf6+ Kg7  1/2-1/2

[Event "Bundesliga 9596"]
[Site "Germany"]
[Date "1996.??.??"]
[Round "?"]
[White "Werner, Marc"]
[Black "Tischbierek, Raj"]
[Result "1/2-1/2"]
[WhiteElo "2365"]
[BlackElo "2495"]

1.e4 c5 2.Nf3 Nc6 3.d4 cxd4 4.Nxd4 e6 5.Nc3 d6 6.Be3 Nf6 7.Bc4 Be7 8.Bb3 O-O
9.f4 Nxd4 10.Qxd4 Ng4 11.Bg1 e5 12.fxe5 Nxe5 13.O-O-O Be6 14.h3 a6 15.Bh2 Qc7
16.Rhf1 Rac8 17.Kb1 Qc5 18.Nd5 Bxd5 19.Qxd5 Qxd5 20.Bxd5 Rc7 21.Bxe5 dxe5
22.Rf5  1/2-1/2

[Event "Oberliga Nord N9697"]
[Site "Germany"]
[Date "1996.??.??"]
[Round "?"]
[White "Raddatz, Michael"]
[Black "Wendt, Jan Dietrich"]
[Result "0-1"]
[WhiteElo "2100"]
[BlackElo "2280"]

1.e4 c5 2.Nf3 e6 3.d4 cxd4 4.Nxd4 Nc6 5.Nc3 d6 6.Bc4 Nf6 7.Bb3 a6 8.O-O Qc7
9.Kh1 Be7 10.f4 Na5 11.Ba4+ Nd7 12.f5 e5 13.Ne6 fxe6 14.fxe6 b5 15.exd7+ Qxd7
16.Qd5 Bb7 17.Qf7+ Kd8 18.Qxg7 Kc7 19.Bb3 Nxb3 20.axb3 Rag8 21.Qh6 Rxg2 22.Qe3 Rhg8
23.Nd5+ Bxd5 24.exd5 Kb7 25.Rxa6 Kxa6 26.Bd2 Kb7 27.Ra1 Kb8 28.Qb6+ Qb7 29.Qxb7+ Kxb7
30.Be3  0-1

[Event "Bundesliga 9596"]
[Site "Germany"]
[Date "1996.??.??"]
[Round "?"]
[White "Thesing, Matthias"]
[Black "Borik, Otto"]
[Result "1/2-1/2"]
[WhiteElo "2410"]
[BlackElo "2400"]

1.e4 c5 2.Nc3 e6 3.Nf3 Nc6 4.d4 cxd4 5.Nxd4 d6 6.Be3 Nf6 7.f4 e5 8.Nf3 Be7
9.Qd2 O-O 10.f5 a6 11.Bg5 b5 12.Bxf6 Bxf6 13.Nd5 Bb7 14.O-O-O Rc8 15.g4 Nd4
16.Nxf6+ Qxf6 17.Nxd4 Bxe4 18.Bg2 Bxg2 19.g5 Qd8 20.Qxg2 exd4 21.Rxd4 Qa5
22.a3 Rc5 23.f6 Rfc8 24.Rhd1 Rxc2+ 25.Qxc2 Rxc2+ 26.Kxc2 h6 27.gxh6 g6 28.Rxd6 b4
29.axb4 Qxb4 30.R1d3 Kh7 31.Kb1 Qe4 32.Rd4 Qf5 33.Rd6 Kxh6 34.h3 g5 35.Ka2 Qb5
36.R6d4 Kg6  1/2-1/2

[Event "Landesliga S9596 Bayern"]
[Site "Germany"]
[Date "1996.??.??"]
[Round "?"]
[White "Brychcy, Felix"]
[Black "Galow, Wolfgang"]
[Result "0-1"]
[WhiteElo "1800"]
[BlackElo "1905"]

1.e4 c5 2.Nf3 e6 3.d4 cxd4 4.Nxd4 Nc6 5.Nc3 Nf6 6.Nb3 Bb4 7.Bd3 d5 8.exd5 exd5
9.O-O O-O 10.Bg5 Bxc3 11.bxc3 h6 12.Bh4 Ne5 13.Re1 Bg4 14.f3 Nxd3 15.Qxd3 Bh5
16.Bxf6 Qxf6 17.Qxd5 Bg6 18.Nd4 Rac8 19.Qxb7 Rxc3 20.Qxa7 Rfc8 21.Rac1 R8c7
22.Qa4 R7c4 23.Re8+ Kh7 24.Ne6 fxe6  0-1

[Event "Landesliga S9596 Bayern"]
[Site "Germany"]
[Date "1996.??.??"]
[Round "?"]
[White "Hofmann, Juergen"]
[Black "Mueller, Marcus"]
[Result "1-0"]
[WhiteElo "2075"]
[BlackElo "2115"]

1.e4 c5 2.Nf3 Nc6 3.d4 cxd4 4.Nxd4 e6 5.Nc3 a6 6.Be3 Nge7 7.Nb3 b5 8.Qd2 Ng6
9.f4 Be7 10.Rd1 d6 11.Qf2 Qc7 12.Bb6 Qb8 13.g3 Nf8 14.Bg2 Nd7 15.Be3 Bb7
16.O-O Qc7 17.a4 b4 18.Na2 O-O 19.c4 Rad8 20.Rc1 Na5 21.Nxa5 Qxa5 22.b3 Nc5
23.Qc2 Qb6 24.Rcd1 a5 25.Rfe1 Qc7 26.Nc1 Rd7 27.Ne2 Rc8 28.Nd4 Qd8 29.Qb1 Bf8
30.Nb5 Ba8 31.Rd2 Qb6 32.Red1 Rcd8 33.g4 Bc6 34.Nd4 Bb7 35.Ne2 Bc6 36.Ng3 Qb7
37.Rc1 Be7 38.g5 Re8 39.Re2 Bd8 40.h4 Bb6 41.Kh2 Qa7 42.Rce1 Nb7 43.Qb2 Bxe3
44.Rxe3 Nc5 45.Nh5 e5 46.f5 Qb7 47.Qc2 Rdd8 48.Qe2 Kh8 49.Qg4 Nd7 50.Bf3 Qa7
51.Bg2 Rf8 52.Rg3 Qf2 53.Re2 Qd4 54.Bh3 Nc5 55.Bg2 Qd1 56.Nxg7 Kxg7 57.Qh5 Bxe4
58.Qh6+ Kh8 59.Rxe4 Nxe4 60.g6  1-0

[Event "Bundesliga 9697"]
[Site "Germany"]
[Date "1996.??.??"]
[Round "?.5"]
[White "Bosch, Jeroen"]
[Black "Michaelsen, Nils"]
[Result "1/2-1/2"]
[WhiteElo "2425"]
[BlackElo "2440"]

1.e4 c5 2.Nf3 Nc6 3.d4 cxd4 4.Nxd4 e6 5.Nc3 Qc7 6.Be2 a6 7.O-O Nf6 8.Be3 Bb4
9.Na4 Be7 10.Nxc6 bxc6 11.Nb6 Rb8 12.Nxc8 Qxc8 13.e5 Nd5 14.Bd4 c5 15.c4 cxd4
16.cxd5 Rxb2 17.Rc1 Qb8 18.d6 Bd8 19.Rc2 f6 20.Bxa6 Rxc2 21.Qxc2 fxe5 22.Bd3 Qxd6
23.Bxh7  1/2-1/2

[Event "Oberliga NordW"]
[Site "Germany"]
[Date "1996.??.??"]
[Round "?"]
[White "Bangiev, Alexander"]
[Black "Kopmann, Rene"]
[Result "1-0"]
[WhiteElo "2400"]
[BlackElo "2320"]

1.e4 c5 2.Nc3 e6 3.Nf3 Nc6 4.d4 cxd4 5.Nxd4 Nf6 6.Ndb5 d6 7.Bf4 e5 8.Bg5 a6
9.Na3 b5 10.Nd5 Be7 11.Bxf6 gxf6 12.Bd3 Bb7 13.c3 Na5 14.Qg4 Rc8 15.Qg7 Rf8
16.Qxh7 Nc4 17.Bxc4 bxc4 18.Ne3 d5 19.exd5 Bxa3 20.bxa3 Qa5 21.O-O Bxd5 22.Qh4 Be6
23.Qxf6 Qxc3 24.Rad1 Qxa3 25.Nf5  1-0

[Event "BL9697 (Women)"]
[Site "Germany"]
[Date "1996.??.??"]
[Round "?"]
[White "Skibbe, Diana"]
[Black "Borulia, Ekaterina"]
[Result "0-1"]
[WhiteElo "2065"]
[BlackElo "2360"]

1.e4 c5 2.Nf3 e6 3.d4 cxd4 4.Nxd4 Nc6 5.Nc3 Qc7 6.Be3 a6 7.Be2 Nf6 8.O-O Bb4
9.f3 Bxc3 10.bxc3 d5 11.Rb1 O-O 12.Bd3 Na5 13.Ne2 Nc4 14.Bxc4 Qxc4 15.Rb4 Qc7
16.Bb6 Qc6 17.Bd4 a5 18.Rb6 Qc7 19.Rb5 e5 20.Bb6 Qc6 21.a4 dxe4 22.fxe4 Nxe4
23.Qd5 Bg4 24.Qxc6 bxc6 25.Rxe5 Bxe2 26.Re1 Nxc3 27.Bd4 Nxa4 28.R1xe2 f6
29.Re7 Rf7 30.R7e4 Rb8 31.h4 Rb4 32.c3 Rc4 33.Re8+ Rf8 34.R8e7 Nxc3 35.Bxc3 Rxc3
36.Ra7 Rb8 37.Kh2 Rc4 38.Kh3 Rb3+ 39.g3 h5 40.Rxa5 c5 41.Re8+ Kf7 42.Rc8 Rcc3
43.Ra7+ Kg6 44.Rcc7 Rxg3+ 45.Kh2 Kh6 46.Rxc5 Rh3+ 47.Kg2 Rxh4 48.Raa5 Rg4+
49.Kh2 g5 50.Ra8 Rf4 51.Rg8 h4 52.Rc7 Rf2+ 53.Kg1 Ra2 54.Rc1 Kh5 55.Kh1 Kg4
56.Rg1+ Rg3  0-1

[Event "Bundesliga 9697"]
[Site "Germany"]
[Date "1996.??.??"]
[Round "?.5"]
[White "Tischbierek, Raj"]
[Black "Michaelsen, Nils"]
[Result "1-0"]
[WhiteElo "2500"]
[BlackElo "2440"]

1.e4 c5 2.Nf3 Nc6 3.d4 cxd4 4.Nxd4 e6 5.Nc3 Qc7 6.Be2 a6 7.O-O Nf6 8.Kh1 Nxd4
9.Qxd4 Bc5 10.Qd3 b5 11.f4 h5 12.Bf3 Bb7 13.e5 Ng4 14.Bxb7 Qxb7 15.Ne4 Be7
16.b3 Rc8 17.Bb2 Nh6 18.Qf3 Qc6 19.Rac1 O-O 20.Rfe1 h4 21.g4 hxg3 22.hxg3 Rc7
23.c4 Qb6 24.c5 Bxc5 25.g4 Rfc8 26.Nxc5 Rxc5 27.Rxc5 Rxc5 28.Qa8+ Kh7 29.Qe4+ g6
30.Bd4 Nxg4 31.b4 Qd8 32.Bxc5 Qh4+ 33.Kg2 Qh2+ 34.Kf1 Qg3 35.Ke2 Qh2+ 36.Kd1 Qxa2
37.Rh1+ Kg7 38.Qa8 Qb3+ 39.Ke2 Qc2+ 40.Kf3 Nh2+ 41.Kg3  1-0

[Event "BL9697 (Women)"]
[Site "Germany"]
[Date "1996.??.??"]
[Round "?"]
[White "Bednarska, Malgorzata"]
[Black "Fuchs, Antje"]
[Result "1-0"]
[WhiteElo "2165"]
[BlackElo "2065"]

1.e4 c5 2.Nf3 e6 3.d4 cxd4 4.Nxd4 Nc6 5.Nc3 Nf6 6.Ndb5 d6 7.Bf4 e5 8.Bg5 a6
9.Na3 Be6 10.Nc4 b5 11.Bxf6 gxf6 12.Ne3 Bg7 13.Ncd5 Ne7 14.Nxe7 Qxe7 15.Bd3 Qd8
16.O-O Rb8 17.a4 bxa4 18.Rxa4 Rxb2 19.Rxa6 O-O 20.Bc4 Rb6 21.Ra3 Rb4 22.Bd5 Bxd5
23.Qxd5 Rd4 24.Qc6 Kh8 25.Nf5 Rd2 26.Qc3 Rd4 27.Qg3 Rg8 28.Qh4 Qc8 29.Qh5 Qf8
30.Rh3 h6 31.Nxd4 exd4 32.Qd5 Qc8 33.Qxd4 Qxc2 34.Qd5 Rb8 35.Ra3 Qc5 36.Ra8 Rxa8
37.Qxa8+ Kh7 38.Qd5 Qxd5 39.exd5 f5 40.f4 Bd4+ 41.Kh1 Kg6 42.g3 h5 43.Kg2 h4
44.gxh4 Bf6 45.Kh3 Kh5 46.Rg1 Bxh4 47.Rg7 Bf2 48.Rxf7 Kg6 49.Re7 Bc5 50.Re6+ Kf7
51.Kh4  1-0

[Event "NRW-Liga II 9697"]
[Site "Germany"]
[Date "1996.??.??"]
[Round "2.2"]
[White "Dueball, Juergen"]
[Black "Riemersma, Liafbern"]
[Result "0-1"]
[WhiteElo "2395"]
[BlackElo "2390"]

1.e4 c5 2.Nf3 e6 3.d4 cxd4 4.Nxd4 Nc6 5.Nc3 d6 6.Be3 Nf6 7.Bc4 a6 8.Qe2 Qc7
9.O-O-O Na5 10.Bd3 b5 11.Bg5 Bb7 12.f4 Rc8 13.e5 dxe5 14.fxe5 Nd5 15.Ndxb5 axb5
16.Bxb5+ Bc6 17.Nxd5 exd5 18.Rxd5 Be7 19.Bxe7 Qxe7 20.Rhd1 O-O 21.Bxc6 Nxc6
22.a3 Rfe8 23.Re1 f6 24.Qc4 Kh8 25.Qc5 Qb7 26.Red1 Nxe5 27.Qb5 Qc7 28.c3 Nc4
29.R5d4 Nxa3  0-1

[Event "Bodensee-Cup"]
[Site "Germany"]
[Date "1996.??.??"]
[Round "2"]
[White "Klundt, Klaus"]
[Black "Kaenel, Hansjuerg"]
[Result "1-0"]
[WhiteElo "2340"]
[BlackElo "2390"]

1.e4 c5 2.Nf3 e6 3.d4 cxd4 4.Nxd4 Nc6 5.Nc3 Qc7 6.g3 a6 7.Bg2 d6 8.O-O Bd7
9.Nxc6 Bxc6 10.a4 Nf6 11.Be3 Be7 12.h3 O-O 13.a5 Nd7 14.Qd2 b5 15.axb6 Nxb6
16.Qd3 Bb7 17.Na4 Nc4 18.Bd4 Ne5 19.Qe2 Rac8 20.c3 Nd7 21.Rfd1 Rb8 22.c4 Rfc8
23.b3 Bc6 24.Rdb1 Bf6 25.Bxf6 Nxf6 26.Nc3 Rb6 27.Ra3 Rcb8 28.Qa2 Qb7 29.Rd1 Ne8
30.Rb1 h6 31.Kh2 Nf6 32.Qe2 Nd7 33.Nd5 Bxd5 34.exd5 e5 35.Be4 Nc5 36.Bc2 Rb4
37.Qg4 Qe7 38.Re1 Qf6 39.Kg2 g6 40.Re3 h5 41.Qe2 Qd8 42.Qe1 a5 43.Qc3 a4
44.bxa4 Qb6 45.Rf3 Qa6 46.Qe3 Qxc4 47.Bxg6 fxg6 48.Qh6 R4b7 49.Qxg6+ Rg7
50.Qxd6 Nd7 51.Qe6+ Kh7 52.Rf5 Qe4+ 53.Raf3 Kh8 54.Rxh5+ Rh7 55.Rxh7+ Qxh7
56.Rf7 Qe4+ 57.Kh2  1-0

[Event "Goch op"]
[Site "Goch"]
[Date "1996.??.??"]
[Round "1"]
[White "Ennenbach, Ralph"]
[Black "Eisner, Ernst"]
[Result "1-0"]
[WhiteElo "2240"]
[BlackElo "1805"]

1.e4 c5 2.Nf3 e6 3.Nc3 Nc6 4.d4 cxd4 5.Nxd4 Qc7 6.g3 a6 7.Bg2 b5 8.O-O Bb7
9.Nxc6 Qxc6 10.Be3 Rc8 11.Rc1 Nf6 12.Re1 b4 13.Nd5 Nxd5 14.exd5 Qb5 15.Qd4 f6
16.dxe6 dxe6 17.Bxb7 Qxb7 18.Qg4 Kf7 19.Bf4 Rc6 20.c3 b3 21.axb3 Qxb3 22.Rcd1 h5
23.Qf3 Rc8 24.Rd7+ Be7 25.Bd6 Rce8 26.Qc6 e5 27.c4  1-0

[Event "Goetzis-B"]
[Site "Goetzis"]
[Date "1996.??.??"]
[Round "6"]
[White "Welsh, Michael"]
[Black "Stanojevic, Stanimir"]
[Result "1/2-1/2"]
[WhiteElo "2155"]
[BlackElo "2195"]

1.e4 c5 2.Nc3 e6 3.Nf3 Nc6 4.d4 cxd4 5.Nxd4 a6 6.Be2 d6 7.O-O Bd7 8.Be3 Nf6
9.a4 Be7 10.f4 Qc7 11.Kh1 O-O 12.Bd3 Nb4 13.Qd2 Nxd3 14.cxd3 e5 15.Nf3 Bc6
16.Rfc1 Qb8 17.a5 Ng4 18.Bg1 exf4 19.Qxf4 Ne5 20.Qd2 Qe8 21.Rf1 Bf6 22.Nd4 Bg5
23.Qe2 Bd7 24.Nf5 Be6 25.Bb6 Qd7 26.Rad1 g6 27.Be3 Bd8 28.Nh6+ Kg7 29.Qf2 Qe7
30.Qg3 Qh4 31.Nf5+ Bxf5 32.Qxh4 Bxh4 33.exf5 Bd8 34.b4 Nc6 35.Nd5 f6 36.Nf4 Re8
37.Ne6+ Kf7 38.d4 gxf5 39.d5 Nxb4 40.Nxd8+ Raxd8 41.Bb6 Rc8 42.Rxf5 Re5 43.Rf3 Rxd5
44.Rdf1 f5 45.g4 Rc2 46.Rxf5+ Rxf5 47.Rxf5+ Kg8 48.Rg5+ Kf7 49.Rf5+ Kg6 50.Bd8 Nc6
51.Rf6+ Kg7 52.Rxd6 Nxd8 53.Rxd8 Rb2 54.Rd7+ Kg6 55.Kg1 Rb5 56.Kg2 Kg5 57.Rxh7 Kxg4
58.Kf2 Kf4 59.Ke2 Ke4 60.Rh4+ Kd5 61.Rh5+ Kc4 62.Rxb5 axb5 63.Kd2 Kb3 64.h4 b4
65.h5 Ka2 66.h6 b3 67.h7 b2 68.h8=Q b1=Q 69.Qc3 Qb2+ 70.Qxb2+ Kxb2 71.Kd1 Kb3
72.Kc1 Kb4 73.a6  1/2-1/2